00721nam a22001575i 4500001000700000003000900007005001700016008004100033040002000074100004000094245008400134260006100218300002200279500010400301852015800405164048ES-MaACL20250915063059.0021008s1899 sp |||| | cat d aCAM bspa cCAM1 aRovira y Serra, Manuel, d1865-192913aLa mel b: drama en tres actes y en prosa / coriginal de Manel Rovira y Serra. aBarcelona : b[s.n.], c1898 (fImprempta l'Atlántida) a106 p. ; c21 cm. aEn port.: Estrenat en lo Teatro Catalá instalat en lo de Romea la nit del 22 de novembre de 1898. aES-MaACLzG-3518(7) z-- Enc. tela roja con hierros dorados, falto de la enc. original q-- Enc. en un vol. facticio x-- T650: Teatro español - S. XIX